Psychology a new introduction for A level (Record no. 2876)

000 -LEADER
fixed length control field 00442nam a22001457a 4500
020 ## - INTERNATIONAL STANDARD BOOK NUMBER
International Standard Book Number 0340776897
082 ## - DEWEY DECIMAL CLASSIFICATION NUMBER
Classification number 150
100 ## - MAIN ENTRY--PERSONAL NAME
Personal name Richard Gross
245 ## - TITLE STATEMENT
Title Psychology a new introduction for A level
250 ## - EDITION STATEMENT
Edition statement 2nd ed.
260 ## - PUBLICATION, DISTRIBUTION, ETC.
Place of publication, distribution, etc. London
Name of publisher, distributor, etc. Hodder and Stoughton
Date of publication, distribution, etc. 2004
300 ## - PHYSICAL DESCRIPTION
Extent 928p
942 ## - ADDED ENTRY ELEMENTS (KOHA)
Koha item type Book
Holdings
Withdrawn status Lost status Damaged status Not for loan Collection code Permanent Location Current Location Shelving location Date acquired Total Checkouts Total Renewals Full call number Barcode Date last seen Date last checked out Price effective from Koha item type
          Central Library (CL) Central Library (CL) General Stacks 03/24/2016 1 3 150 PSY S3H-N-210 07/02/2025 03/07/2020 03/24/2016 Book
© 2023 Central Library, National University of Sciences and Technology. All Rights Reserved.